| 000 | 00486caa a22001812a 4500 | ||
|---|---|---|---|
| 001 | 001217 | ||
| 003 | AR-FADEU | ||
| 008 | 311216n########xxu####################dd | ||
| 092 |
_a808.31 _bH198 |
||
| 100 | _aHuddleston Packer, Nancy | ||
| 245 | _aEnd of a game | ||
| 300 | _app. 226-241 | ||
| 500 | _aEn: The shape of fiction. -- New York : McGraw-Hill | ||
| 700 | _aFrederick R, Karl | ||
| 650 | _aSHORT STORIES; LITERATURA EN INGLES-NOVELA | ||
| 546 | _ainglés | ||
| 942 | _cBDGR | ||
| 999 |
_c7056 _d7056 |
||